[Event "AUTO-ELITE-2518"]
[Site "http://www.queenalice.com/game.php?id=1829520"]
[Date "2024.1.17"]
[Round "1"]
[White "Cerberus"]
[Black "Sexxy_Bunny"]
[Result "1/2-1/2"]
[WhiteElo "2712"]
[BlackElo "2738"]

1. d4 Nf6 2. Nf3 d5 3. Bf4 c5 4. e3 Nc6 5. Nbd2 cxd4 6. exd4 Bf5 7. Bb5 Qb6 8.
c4 dxc4 9. a4 Bd3 10. Ne5 e6 11. Ndxc4 Bb4+ 12. Bd2 Bxc4 13. Nxc4 Bxd2+ 14. Qxd2
Qc7 15. Ne5 O-O 16. Bxc6 bxc6 17. Rc1 Rfc8 18. O-O Qd6 19. Rc4 Nd7 20. Nxd7 Qxd7
21. Rfc1 h6 22. Rc5 Re8 23. Rxc6 Rad8 24. Qc2 Qxd4 25. Rc4 Qe5 26. b4 Rd5 27. b5
Red8 28. Rc8 Rxc8 29. Qxc8+ Kh7 30. h3 Rd2 31. Qb7 Qd4 32. Qxf7 Rd1+ 33. Rxd1
Qxd1+ 34. Kh2 Qxa4 35. g3 Qxb5 36. Qxa7 Qe5 37. Qa8 Kg6 38. Qe8+ Kh7 39. Qc6 h5
40. Kg2 Qf5 41. Qc3 Kg6 42. Qb2 Qd5+ 43. Kh2 Kf7 44. Qe2 Kf6 45. Kg1 Qe5 46. Qd2
Qd5 47. Qc3+ 1/2-1/2

[Event "AUTO-ELITE-2523"]
[Site "http://www.queenalice.com/game.php?id=1831423"]
[Date "2024.2.13"]
[Round "1"]
[White "trompmaster"]
[Black "Cerberus"]
[Result "1/2-1/2"]
[WhiteElo "2522"]
[BlackElo "2720"]

1. d4 Nf6 2. c4 g6 3. h4 Bg7 4. Nc3 d6 5. e4 Nc6 6. d5 Ne5 7. Be2 h5 8. Nf3
Nxf3+ 9. gxf3 O-O 10. Be3 c5 11. Qd2 Kh7 12. a3 a6 13. Rd1 Rb8 14. b4 b6 15. Qc2
Qc7 16. Rc1 Kh8 17. Kf1 Re8 18. Kg2 Nd7 19. f4 Nf6 20. b5 Ra8 21. a4 Bd7 22. Bd2
Rg8 23. bxa6 Rxa6 24. Nb5 Qd8 25. Bc3 Kh7 26. Rce1 Ne8 27. Bd2 Nc7 28. Bd3 e5
29. fxe5 dxe5 30. Ra1 Ne8 31. Bg5 Bf6 32. Qd2 Bxg5 33. hxg5 Bxb5 34. axb5 Rxa1
35. Rxa1 f6 36. f4 Rg7 37. gxf6 Qxf6 38. Rf1 Ra7 39. fxe5 Qxe5 40. Qf4 Qd4 41.
Bb1 Ra1 42. Kh1 Qb2 43. d6 Rxb1 44. d7 Qa1 45. Kg2 Rxf1 46. Qxf1 Qa8 47. Qf7+
Ng7 48. Qe7 1/2-1/2

[Event "AUTO-ELITE-2523"]
[Site "http://www.queenalice.com/game.php?id=1831424"]
[Date "2024.2.13"]
[Round "1"]
[White "Cerberus"]
[Black "trompmaster"]
[Result "1-0"]
[WhiteElo "2716"]
[BlackElo "2520"]

1. d4 d6 2. e4 Nf6 3. Nc3 e5 4. Nf3 Nbd7 5. Bc4 h6 6. a4 c6 7. O-O Be7 8. Re1
Qc7 9. h3 g5 10. a5 Nf8 11. d5 Ng6 12. Bb3 Bd7 13. Nh2 a6 14. Bd2 O-O 15. Na4
cxd5 16. exd5 Bxa4 17. Rxa4 Kg7 18. Nf1 Nd7 19. Ng3 f5 20. Qf3 f4 21. Ne4 Nf6
22. c4 Nh4 23. Qd3 Rf7 24. c5 Nxe4 25. Rexe4 Qxc5 26. Rac4 Qa7 27. Rc7 Raf8 28.
Bc2 Kh8 29. Rb4 Bf6 30. Qc4 Kg7 31. Bc3 h5 32. Rbxb7 Qxb7 33. Qd3 e4 34. Qxe4
Kh6 35. Rxb7 Rxb7 36. Bb4 Rd8 37. Qe6 Kg7 38. Bxd6 Rf7 39. Be5 Bxe5 40. Qxe5+
Kh6 41. Qe6+ Kg7 42. d6 f3 43. g3 Ng2 44. Qg6+ Kf8 45. Qh6+ 1-0

[Event "AUTO-ELITE-2523"]
[Site "http://www.queenalice.com/game.php?id=1831429"]
[Date "2024.2.13"]
[Round "1"]
[White "Cerberus"]
[Black "raulzampronha"]
[Result "1-0"]
[WhiteElo "2716"]
[BlackElo "2362"]

1. d4 d5 2. c4 c6 3. Nc3 Nf6 4. e3 e6 5. Nf3 Nbd7 6. Qc2 Bd6 7. Be2 O-O 8. O-O
Re8 9. Rd1 Qe7 10. h3 dxc4 11. Bxc4 h6 12. b3 e5 13. Nh4 Nb6 14. Ng6 Qc7 15.
Nxe5 Bxe5 16. dxe5 Qxe5 17. Bd3 Be6 18. e4 Rad8 19. Be3 Qa5 20. Rd2 Qh5 21. Rad1
Kh8 22. Qb2 Nh7 23. Ne2 Qa5 24. Bxh6 1-0

[Event "AUTO-ELITE-2523"]
[Site "http://www.queenalice.com/game.php?id=1831430"]
[Date "2024.2.13"]
[Round "1"]
[White "raulzampronha"]
[Black "Cerberus"]
[Result "0-1"]
[WhiteElo "2310"]
[BlackElo "2725"]

1. d4 Nf6 2. c4 g6 3. Nc3 Bg7 4. e4 d6 5. f3 O-O 6. Be3 c5 7. dxc5 dxc5 8. Qxd8
Rxd8 9. Bxc5 Nc6 10. Ba3 a5 11. Rd1 Be6 12. Nd5 Nb4 13. Nxe7+ Kh8 14. Rxd8+ Rxd8
15. Nd5 Nc2+ 16. Kf2 Nxa3 17. bxa3 b5 18. Nh3 bxc4 19. Bxc4 Rc8 20. Bb3 a4 21.
Bxa4 Nxd5 22. exd5 Bxd5 23. Bb3 Bxb3 24. axb3 Rc2+ 25. Kg3 Be5+ 26. f4 Rc3+ 27.
Kf2 Bd4+ 28. Ke2 Re3+ 29. Kd2 Rxb3 30. Ng5 Kg7 31. Nf3 Be3+ 32. Kc2 Rxa3 33. g3
Bxf4 34. Rf1 Bd6 35. Kd2 h6 36. Rf2 Bc5 37. Rf1 g5 38. g4 f6 39. Ke2 Re3+ 40.
Kd2 Kg6 41. h3 h5 0-1

[Event "AUTO-ELITE-2511"]
[Site "http://www.queenalice.com/game.php?id=1832578"]
[Date "2024.2.29"]
[Round "2"]
[White "Cerberus"]
[Black "donniedarko"]
[Result "1-0"]
[WhiteElo "2714"]
[BlackElo "2288"]

1. e4 c6 2. Nf3 d5 3. d3 a6 4. Qe2 Bg4 5. Nbd2 e6 6. h3 Bh5 7. g4 Bg6 8. h4 h5
9. Ne5 Bh7 10. g5 Bg6 11. exd5 Qxd5 12. Nxg6 Qxh1 13. Nxh8 Qxh4 14. Nxf7 Kxf7
15. Nf3 Qb4+ 16. c3 Qd6 17. Ne5+ Ke8 18. Qxh5+ 1-0

[Event "AUTO-ELITE-2511"]
[Site "http://www.queenalice.com/game.php?id=1832579"]
[Date "2024.2.29"]
[Round "2"]
[White "donniedarko"]
[Black "Cerberus"]
[Result "0-1"]
[WhiteElo "2280"]
[BlackElo "2715"]

1. d4 Nf6 2. c4 g6 3. Nc3 d5 4. Nf3 Bg7 5. Bg5 Ne4 6. h4 Nxg5 7. hxg5 dxc4 8. e3
Be6 9. Nd2 c5 10. dxc5 O-O 11. Bxc4 Bxc4 12. Nxc4 Na6 13. c6 Rc8 14. Qg4 Rxc6
15. Qh4 h5 16. gxh6 Bxc3+ 17. bxc3 Qd3 18. h7+ Kh8 19. Qxe7 Qxc3+ 20. Ke2 Qxc4+
0-1

[Event "AUTO-ELITE-2518"]
[Site "http://www.queenalice.com/game.php?id=1833663"]
[Date "2024.3.17"]
[Round "2"]
[White "trompmaster"]
[Black "Cerberus"]
[Result "0-1"]
[WhiteElo "2498"]
[BlackElo "2721"]

1. d4 Nf6 2. c4 g6 3. h4 Bg7 4. Nc3 d6 5. e4 O-O 6. Be2 h5 7. Nf3 c5 8. d5 Bg4
9. O-O Nbd7 10. Be3 Nh7 11. Rc1 Qa5 12. a3 a6 13. Bd2 Bxf3 14. Bxf3 b5 15. Be2
bxc4 16. Na4 Qc7 17. Rxc4 a5 18. Rc2 Rfb8 19. Nc3 a4 20. Nb5 Qb6 21. Kh1 Rb7 22.
Qe1 Nhf6 23. f3 Ne5 24. Bc3 Nfd7 25. f4 Ng4 26. Bc4 Bh6 27. Bd2 Qd8 28. Nc3 Qb8
29. Bc1 Bg7 30. e5 dxe5 31. Ne4 exf4 32. d6 e5 33. Bxf7+ Kxf7 34. Ng5+ Kg8 35.
Qe4 Ndf6 36. Qc4+ Kh8 37. Qxc5 Bf8 38. Rd1 Ra6 39. Rdd2 Rxd6 40. Qc4 Rxd2 41.
Bxd2 Rxb2 0-1

[Event "AUTO-ELITE-2518"]
[Site "http://www.queenalice.com/game.php?id=1833664"]
[Date "2024.3.17"]
[Round "2"]
[White "Cerberus"]
[Black "trompmaster"]
[Result "1-0"]
[WhiteElo "2717"]
[BlackElo "2512"]

1. e4 d6 2. Nf3 Nf6 3. Nc3 e5 4. d4 Nbd7 5. Bc4 Be7 6. O-O c6 7. a4 Qc7 8. h3
O-O 9. a5 Rb8 10. Qe2 b5 11. axb6 axb6 12. b4 b5 13. Bb3 h6 14. Be3 Nb6 15. dxe5
dxe5 16. Bc5 Re8 17. Rfd1 Nbd7 18. Bxe7 Rxe7 19. Qe3 Re8 20. Ra5 Nb6 21. Qc5
Nbd7 22. Qd6 Qxd6 23. Rxd6 c5 24. Nxb5 Nxe4 25. Rc6 cxb4 26. Rc7 Rd8 27. Na7 Bb7
28. Nxe5 Nxe5 29. Rxe5 Rd1+ 30. Kh2 Ba8 31. Rce7 Nd2 32. Bxf7+ Kh7 33. h4 Be4
34. Rc5 Rc1 35. Nc6 Rb6 36. h5 b3 37. Rxe4 Nxe4 38. Bg6+ Kh8 39. Rd5 1-0

[Event "AUTO-ELITE-2518"]
[Site "http://www.queenalice.com/game.php?id=1833667"]
[Date "2024.3.17"]
[Round "2"]
[White "Cerberus"]
[Black "Sexxy_Bunny"]
[Result "1/2-1/2"]
[WhiteElo "2726"]
[BlackElo "2726"]

1. d4 Nf6 2. c4 e6 3. Nf3 d5 4. g3 Be7 5. Bg2 O-O 6. O-O dxc4 7. Nc3 Nc6 8. e4
Rb8 9. a4 a6 10. a5 Bb4 11. Qe2 Nxd4 12. Nxd4 Qxd4 13. Rd1 Qc5 14. e5 Nd7 15.
Ne4 Qb5 16. Bf4 Nxe5 17. b3 f5 18. Nc5 Qxc5 19. Qxe5 Qxe5 20. Bxe5 Bd6 21. Rxd6
cxd6 22. Bxd6 Bd7 23. bxc4 Bc6 24. Rb1 Bxg2 25. Kxg2 e5 26. h4 Rbc8 27. Bxf8
Kxf8 28. Rxb7 Rxc4 29. Rb6 Kf7 30. Rxa6 Ra4 31. h5 Ra2 32. Ra7+ Kf6 33. a6 e4
34. Kg1 Ra3 35. h6 Ra1+ 36. Kg2 g5 37. Rxh7 Rxa6 38. g4 fxg4 39. Rh8 Kg6 40. Kg3
Rf6 41. h7 Rf3+ 42. Kxg4 Rxf2 43. Rg8+ Kxh7 44. Re8 Rg2+ 45. Kh5 Kg7 46. Rxe4
Kf6 47. Re8 Rh2+ 48. Kg4 Rg2+ 49. Kf3 Rb2 50. Kg4 Rb4+ 51. Kg3 Rb7 52. Rf8+ Kg6
53. Rd8 Kf5 54. Rf8+ Kg6 55. Rg8+ Rg7 56. Rxg7+ Kxg7 57. Kg4 Kg6 58. Kg3 Kf5 59.
Kf3 g4+ 60. Kg3 Kg5 61. Kg2 Kf4 62. Kf2 g3+ 63. Kg2 Kg4 64. Kg1 Kf3 65. Kf1 g2+
66. Kg1 Kg3 1/2-1/2

[Event "AUTO-ELITE-2518"]
[Site "http://www.queenalice.com/game.php?id=1833668"]
[Date "2024.3.17"]
[Round "2"]
[White "Sexxy_Bunny"]
[Black "Cerberus"]
[Result "1/2-1/2"]
[WhiteElo "2736"]
[BlackElo "2717"]

1. e4 c6 2. d4 d5 3. e5 c5 4. dxc5 e6 5. a3 Bxc5 6. Nf3 Nd7 7. Bd3 f6 8. b4 Be7
9. Bb2 a5 10. b5 Nh6 11. Nbd2 Nf7 12. exf6 Bxf6 13. Bxf6 Qxf6 14. c4 Nc5 15. Bc2
b6 16. cxd5 exd5 17. O-O a4 18. Re1+ Be6 19. Nf1 O-O 20. Qd4 Nd6 21. Qxf6 Rxf6
22. Nd4 Re8 23. Ne3 Bf7 24. Rad1 h5 25. h4 g6 26. f3 Kg7 27. Kh2 Ne6 28. Ne2 Nc5
29. Nd4 Bg8 30. Kg3 Rff8 31. Rc1 Rd8 32. Nc6 Ra8 33. Nd4 Rac8 34. Rb1 Rcd8 35.
Rbd1 Rde8 36. Rc1 Bf7 37. Rcd1 Bg8 1/2-1/2

[Event "AUTO-ELITE-2507"]
[Site "http://www.queenalice.com/game.php?id=1834886"]
[Date "2024.4.9"]
[Round "2"]
[White "Cerberus"]
[Black "raulzampronha"]
[Result "1-0"]
[WhiteElo "2726"]
[BlackElo "2337"]

1. e4 c5 2. Nf3 Nc6 3. d4 cxd4 4. Nxd4 Nf6 5. Nc3 e5 6. Ndb5 d6 7. a4 a6 8. Na3
Be7 9. Bg5 Be6 10. Bc4 O-O 11. Bxf6 Bxf6 12. Nd5 Bg5 13. c3 Ne7 14. O-O Kh8 15.
Qb3 Nxd5 16. Bxd5 Bxd5 17. Qxd5 Qc7 18. Nc4 Be7 19. Rfd1 Rad8 20. a5 f5 21. exf5
Rxf5 22. Nd2 Qc5 23. Qxc5 dxc5 24. Nc4 Kg8 25. Rxd8+ Bxd8 26. Rd1 1-0

[Event "AUTO-ELITE-2507"]
[Site "http://www.queenalice.com/game.php?id=1834887"]
[Date "2024.4.9"]
[Round "2"]
[White "raulzampronha"]
[Black "Cerberus"]
[Result "0-1"]
[WhiteElo "2334"]
[BlackElo "2727"]

1. d4 Nf6 2. c4 g6 3. Nc3 d5 4. cxd5 Nxd5 5. e4 Nxc3 6. bxc3 Bg7 7. Bc4 c5 8.
Ne2 O-O 9. O-O Nc6 10. Be3 b6 11. dxc5 Qc7 12. Nd4 Ne5 13. Nb5 Qb8 14. Be2 bxc5
15. Bxc5 a6 16. Na3 Qc7 17. Bd4 Rd8 18. Qc1 Ng4 19. Bxg4 Bxg4 20. Bxg7 Kxg7 21.
Qe3 Rac8 22. Nc2 Qxc3 23. Qxc3+ Rxc3 24. Ne3 Be6 25. Rfb1 Rd4 26. Rb7 Rxe4 27.
Rxe7 Ra4 0-1

[Event "AUTO-ELITE-2523"]
[Site "http://www.queenalice.com/game.php?id=1835702"]
[Date "2024.4.24"]
[Round "2"]
[White "josekasparov"]
[Black "Cerberus"]
[Result "1/2-1/2"]
[WhiteElo "2552"]
[BlackElo "2717"]

1. e4 c6 2. d4 d5 3. f3 e6 4. Nc3 Nf6 5. e5 Nfd7 6. f4 c5 7. Nf3 Nc6 8. Be3 Rb8
9. Qd2 Qa5 10. Be2 b5 11. a4 a6 12. O-O b4 13. Nb5 c4 14. Nd6+ Bxd6 15. exd6 O-O
16. Ne5 Nd8 17. f5 Nxe5 18. dxe5 exf5 19. Bf3 Be6 20. Qf2 Nc6 21. Qg3 Kh8 22. h4
h6 23. Rfe1 d4 24. Bxc6 Qc5 25. Bf3 dxe3 26. Qf4 e2+ 27. Kh1 g5 28. hxg5 hxg5
29. Qxg5 Qxe5 30. Qh6+ Kg8 31. Qg5+ Qg7 32. Qxg7+ Kxg7 33. Rxe2 Rfc8 34. Rd1 c3
35. bxc3 Rxc3 36. d7 Rd8 37. Rd6 Kf6 38. Rxa6 Rxd7 39. Rb6 Rd4 40. a5 Ra3 41. a6
Kg5 42. Kh2 Ra1 43. Kg3 Ra3 44. Kf2 Rc4 45. Rd2 Ra1 46. Be2 Re4 47. Rb7 Rf4+ 48.
Kg3 Ra3+ 49. Kh2 Rh4+ 50. Kg1 Bc4 51. Bxc4 Rxc4 52. a7 Ra1+ 53. Kh2 Rh4+ 54. Kg3
Rf1 55. Rxf7 1/2-1/2

[Event "AUTO-ELITE-2523"]
[Site "http://www.queenalice.com/game.php?id=1835703"]
[Date "2024.4.24"]
[Round "2"]
[White "Cerberus"]
[Black "josekasparov"]
[Result "1/2-1/2"]
[WhiteElo "2714"]
[BlackElo "2563"]

1. d4 d5 2. c4 dxc4 3. e4 e5 4. Nf3 exd4 5. Bxc4 Nc6 6. O-O Bc5 7. Ng5 Nh6 8.
Nxf7 Nxf7 9. Bxf7+ Kxf7 10. Qh5+ g6 11. Qxc5 Re8 12. Nd2 Qd6 13. Qg5 b6 14. Qh4
Kg8 15. Nf3 Ba6 16. Re1 Ne5 17. Nxe5 Qxe5 18. h3 Bb7 19. Bg5 Qe6 20. Bf6 c5 21.
e5 Rac8 22. a4 Rc7 23. a5 Rf7 24. axb6 axb6 25. Qf4 Qf5 26. Qd2 Rd7 27. Ra3 d3
28. Ra4 b5 29. Rg4 Rf7 30. b3 Rc7 31. Rg5 Qd7 32. Rg3 c4 33. Qh6 Qf7 34. bxc4
bxc4 35. Kh2 c3 36. Rxd3 Bd5 37. Rc1 Rec8 38. h4 Be4 39. Rg3 c2 40. h5 Rc3 41.
Rg4 R3c4 42. f3 Bf5 43. hxg6 Bxg6 44. f4 R8c6 45. Qh3 Rc3 46. Qh4 Qe6 47. Qg5
Kf7 48. Qh4 Rb3 49. Rg5 Qc4 50. Rg4 Qe6 51. Rxg6 hxg6 52. Qh7+ Ke8 53. Rxc2 Rh3+
54. Qxh3 Qxh3+ 55. Kxh3 Rxc2 56. g3 Kf7 57. Kg4 Rg2 58. Bh4 Rg1 59. Kg5 Re1 60.
g4 Re2 61. Bg3 Rg2 62. Be1 Rg1 63. Ba5 Ke6 64. Bb6 Rf1 65. Ba7 Rf3 66. Bg1
1/2-1/2

[Event "AUTO-ELITE-2533"]
[Site "http://www.queenalice.com/game.php?id=1836114"]
[Date "2024.5.2"]
[Round "1"]
[White "Cerberus"]
[Black "raulzampronha"]
[Result "1-0"]
[WhiteElo "2728"]
[BlackElo "2313"]

1. e4 c5 2. Nf3 e6 3. d4 cxd4 4. Nxd4 Nf6 5. Nc3 d6 6. g4 h6 7. Bg2 Nc6 8. h3 a6
9. Nxc6 bxc6 10. e5 Nd5 11. exd6 Bxd6 12. Ne4 Be7 13. c4 Nb4 14. Qxd8+ Kxd8 15.
O-O e5 16. f4 exf4 17. Rd1+ 1-0

[Event "AUTO-ELITE-2533"]
[Site "http://www.queenalice.com/game.php?id=1836115"]
[Date "2024.5.2"]
[Round "1"]
[White "raulzampronha"]
[Black "Cerberus"]
[Result "0-1"]
[WhiteElo "2261"]
[BlackElo "2729"]

1. d4 Nf6 2. c4 e6 3. Nc3 Bb4 4. Qc2 O-O 5. e4 d5 6. e5 Ne4 7. Bd3 c5 8. Ne2
cxd4 9. Nxd4 Nd7 10. Bf4 Ndc5 11. O-O Nxd3 12. Qxd3 Bxc3 13. bxc3 b6 14. cxd5
exd5 15. Rfd1 Qh4 16. Bg3 Qe7 17. Re1 Bd7 18. f3 Nxg3 19. hxg3 Rfc8 20. Rac1 Rc4
21. Nc2 Qc5+ 22. Ne3 Rc8 23. Qxd5 Be6 24. Qxc5 R4xc5 25. Red1 Rxe5 0-1

[Event "AUTO-ELITE-2533"]
[Site "http://www.queenalice.com/game.php?id=1836116"]
[Date "2024.5.2"]
[Round "1"]
[White "Cerberus"]
[Black "RaulSoft2"]
[Result "1/2-1/2"]
[WhiteElo "2729"]
[BlackElo "2404"]

1. d4 d5 2. c4 e6 3. Nf3 dxc4 4. e3 c5 5. Bxc4 Nf6 6. O-O a6 7. Nbd2 Nbd7 8. b3
b6 9. Bb2 Bb7 10. Rc1 Be7 11. dxc5 Bxc5 12. Be2 O-O 13. Nc4 b5 14. Bxf6 Nxf6 15.
Qxd8 Raxd8 16. Na5 Bxf3 17. Bxf3 Ba3 18. Rc6 Ra8 19. Rd1 h5 20. Rb6 Rfb8 21.
Bxa8 Rxb6 22. Rd8+ Kh7 23. Nc6 g5 24. Kf1 Kg7 25. Nd4 a5 26. Nc2 Bb2 27. h3 b4
28. Ne1 Ra6 29. Nd3 Bc3 30. Bf3 g4 31. Bd1 g3 32. Bf3 gxf2 33. Kxf2 h4 34. Ke2
a4 35. bxa4 Rxa4 36. Ra8 Rxa8 37. Bxa8 Nd7 38. Bf3 Kf6 39. Kd1 Ke7 40. Kc2 Ne5
41. Nxe5 Bxe5 42. Kd3 f5 1/2-1/2

[Event "AUTO-ELITE-2533"]
[Site "http://www.queenalice.com/game.php?id=1836117"]
[Date "2024.5.2"]
[Round "1"]
[White "RaulSoft2"]
[Black "Cerberus"]
[Result "1/2-1/2"]
[WhiteElo "2456"]
[BlackElo "2722"]

1. d4 Nf6 2. c4 g6 3. Nc3 d5 4. cxd5 Nxd5 5. e4 Nxc3 6. bxc3 Bg7 7. Nf3 c5 8.
Be3 Qa5 9. Qd2 Nc6 10. Rb1 a6 11. Rc1 cxd4 12. cxd4 Qxd2+ 13. Kxd2 e6 14. h4 O-O
15. Bd3 h6 16. Rc5 Bd7 17. Rb1 b5 18. e5 Rfd8 19. Be4 Rac8 20. Rbc1 Nb4 21. a3
Rxc5 22. Rxc5 Nd5 23. Bxd5 exd5 24. Rxd5 Bf8 25. Ne1 b4 26. a4 b3 27. Nd3 b2 28.
Nxb2 Bb4+ 29. Kd3 Bf5+ 30. Kc4 Be6 31. Kxb4 Bxd5 32. g3 Rb8+ 33. Kc5 Bb3 34. a5
Rb5+ 35. Kd6 Rxa5 36. Nd3 Rb5 37. Nc5 a5 38. Kc6 Bc4 39. Bd2 Be2 40. Bc3 Bc4 41.
d5 a4 42. d6 Rb1 43. d7 Bb5+ 44. Kc7 Bxd7 45. Kxd7 a3 46. Ke7 a2 47. Nd7 Rc1 48.
Nf6+ Kh8 49. Bd4 Rd1 50. Bc3 Rc1 51. Bd4 Rd1 52. Bb2 Rb1 53. Bc3 Rb3 54. Bd4 Rd3
55. Ba1 Rd1 56. Bb2 Rb1 57. Bc3 Rb7+ 58. Kf8 Rb3 59. Ba1 Rb1 60. Bc3 Rb7 61. Ne4
Kh7 62. Nf6+ Kh8 1/2-1/2